|
|
|
|
| LEADER |
00000nam0a2200000 4500 |
| 001 |
291730 |
| 005 |
20231102000423.0 |
| 010 |
|
|
|a 9785906226709
|
| 035 |
|
|
|a (RuTPU)RU\TPU\book\316314
|
| 090 |
|
|
|a 291730
|
| 100 |
|
|
|a 20150416d2014 m y0rusy50 ca
|
| 101 |
0 |
|
|a rus
|
| 102 |
|
|
|a RU
|
| 105 |
|
|
|a a j 001zy
|
| 200 |
1 |
|
|a Методы изучения флюидных и расплавных включений
|e учебное пособие
|f П. Ю. Плечов
|g Московский государственный университет им. М. В. Ломоносова (МГУ), Геологический факультет
|
| 210 |
|
|
|a Москва
|c КДУ
|d 2014
|
| 215 |
|
|
|a 267 с.
|c ил.
|
| 320 |
|
|
|a Библиогр. в конце лекций.
|
| 330 |
|
|
|a В представленной книге впервые за последние 20 лет систематически рассматриваются методы изучения флюидных и расплавных включений. Первые главы вводят читателя в удивительный мир флюидных и расплавных включений, затем последовательно излагаются базовые методики их изучения и определения важнейших характеристик минералообразующих процессов. В заключительной части приведен ряд примеров применения описанных методов, наглядно демонстрирующий петрологическое значение данных, полученных с помощью флюидных и расплавных включений. Книга адресована студентам высших учебных заведений, обучающихся по направлениям петрология, минералогия, месторождения полезных ископаемых, но будет интересна и широкому кругу специалистов в области геологии и материаловедения.
|
| 606 |
1 |
|
|a Флюидные включения
|2 stltpush
|3 (RuTPU)RU\TPU\subj\67315
|9 83159
|
| 610 |
1 |
|
|a геология
|
| 610 |
1 |
|
|a минералообразование
|
| 610 |
1 |
|
|a расплавные включения
|
| 610 |
1 |
|
|a история
|
| 610 |
1 |
|
|a кристаллы
|
| 610 |
1 |
|
|a рост
|
| 610 |
1 |
|
|a образования
|
| 610 |
1 |
|
|a морфология
|
| 610 |
1 |
|
|a типизация
|
| 610 |
1 |
|
|a аналитические методы
|
| 610 |
1 |
|
|a расчетные методы
|
| 610 |
1 |
|
|a магматические расплавы
|
| 610 |
1 |
|
|a магматические процессы
|
| 610 |
1 |
|
|a минералообразующие процессы
|
| 610 |
1 |
|
|a учебные пособия
|
| 675 |
|
|
|a 553.21/.24(075.8)
|v 4
|
| 700 |
|
1 |
|a Плечов
|b П. Ю.
|g Павел Юрьевич
|
| 712 |
0 |
2 |
|a Московский государственный университет им. М. В. Ломоносова (МГУ)
|b Геологический факультет
|2 stltpush
|3 (RuTPU)RU\TPU\col\7
|
| 801 |
|
1 |
|a RU
|b 63413507
|c 20150416
|
| 801 |
|
2 |
|a RU
|b 63413507
|c 20150625
|g RCR
|
| 900 |
|
|
|a Петрология
|
| 900 |
|
|
|a Петрология магматических и метаморфических пород
|
| 900 |
|
|
|a Минералогия
|
| 942 |
|
|
|c BK
|
| 951 |
|
|
|l 8
|
| 959 |
|
|
|a 46/20150416
|d 2
|e 605,00
|f ЧЗТЛ:1
|f УФ:3
|